000 00358nam a2200145Ia 4500
008 230917s9999||||xx |||||||||||||| ||und||
040 _e187790
_aMAIN
041 _aEnglish
082 _a784.4 V59M
100 _aVarma, Chamanlal
245 0 _aMandiyali shanskritak evam sangitik adhyan
260 _aDelhi
_bNirmal
_c1997
300 _a173 p.
942 _cBK
999 _c98492
_d98492